01364nam a2200277Ia 4500008004100000041000800041245018800049260011900237300002000356500005300376650003400429650003300463650002800496650003300524650001900557650004100576650001600617650002500633710010700658710007400765856007100839907002100910942001900931999001700950952011900967260430s2026 sp 000 0 spa d aspa10aCCOO pide que se refuerce el control de preciosb: valoración del RDL 7/2026 que incorpora medidas para hacer frente a la crisis energética derivada del conflicto en Oriente Medio a[Madrid] :bCCOO, Confederación Sindical, Secretaría de Acción Sindical y Transiciones Estratégicas,c2026 a1 p. ;c 30 cm aEn: REDacción digital, n. 7 (abril 2026), p. 8 0aCONTROL DE LOS PRECIOS916692 0aPRODUCCION DE ENERGIA914106 0aCONSUMO DE ENERGIA9271 0aINDUSTRIA DEL PETROLEO95466 0aPETROLEO98434 0aIRAN (REPUBLICA ISLAMICA DEL)929691 0aGUERRA9799 0aACTITUD SINDICAL9612 aCCOObConfederación SindicalbSecretaría de Acción Sindical y Transiciones Estratégicas9408892 aCCOObConfederación SindicalbSecretaría de Comunicación918851 zPDFuhttps://docpublicos.ccoo.es/cendoc/073605CCOOPideRefuerce.pdf aGuerra en Irán cDOCU_ELEC2ddc c64711d64711 00102ddc4070aCENDObCENDOd2026-04-30i073605l0p2026-0953r2026-04-30 10:50:17tPS164w2026-04-30yDOCU_ELEC